All Cities on Lake Ontario - Statistics

General Stats
  • This quiz has been taken 52 times
  • The average score is 6 of 16
Answer Stats
Region Population (xE3) City % Correct
Ontario 5,430 Toronto
100%
Ontario 694 Hamilton
75%
New York 721 Rochester
75%
Ontario 118 Kingston
65%
Ontario 309 Oshawa
53%
Ontario 229 St. Catherine-Niagara Falls
48%
Ontario 68 Belleville
40%
New York 39 Oswego
35%
Ontario 19 Cobourg
25%
Ontario 5.9 Brighton
20%
Ontario 13 Port Hope
20%
Ontario 39 Bowmanville
18%
Ontario 4.7 Picton
10%
Ontario 9.1 Newcastle
8%
Ontario 4.7 Mississauga Beach
5%
New York 5.5 Newfane
3%
No matching quizzes found
Score Distribution
Percent of People with Each Score
Percentile by Number Answered
Your Score History
You have not taken this quiz